| 000 | 02270cgm a2200565Ia 4500 | ||
|---|---|---|---|
| 003 | data | ||
| 005 | 20260322212050.0 | ||
| 007 | data | ||
| 008 | data | ||
| 020 | _a1419847759 | ||
| 020 | _a9781419847752 | ||
| 024 | 1 | _a012569796287 | |
| 028 | 4 | 0 |
_a79628 _bTurner Entertainment |
| 040 |
_aTDS _cTDS _dRCS _dIK2 _dRCS |
||
| 041 | 1 |
_aspa _afre _aspa _heng |
|
| 050 | 1 | 4 |
_aPN1997 _b.C47578637 2006 |
| 082 | 0 | 4 |
_a791.43/72 _222 |
| 090 | _aDVD 758 | ||
| 245 | 1 | 2 |
_aA Christmas story _h[videorecording] / _cBob Clark ... [et al.]. |
| 250 | _aFull screen ver. | ||
| 260 |
_aBurbank, CA : _bWarner Bros. Home Video [distributor], _bWarner Bros. Home Video [distributor], _c[2006], c1983. |
||
| 300 |
_a1 videodisc (98 min.) : _bsd., col. ; _c4 3/4 in. |
||
| 500 | _aVideodisc release of the 1983 motion picture. | ||
| 500 | _aBased on the novel: "In God We Trust, All Others Pay Cash" by Jean Shepherd. | ||
| 500 | _aSpecial features: theatrical trailer. | ||
| 511 | 1 | _aMelinda Dillon, Darren McGavin, Peter Billingsley. | |
| 520 | _aA young boy must convince his parents that a toy rifle is the only Christmas gift that will make Christmas worthwhile. Not only do his parents face what many other parents do during that time of the year, but their actions fit in with the All-American Christmas. | ||
| 538 | _aDVD, region 1, full screen presentation; Dolby Digital mono. | ||
| 546 | _aEnglish, French or Spanish dialogue with optional English, French or Spanish subtitles; closed-captioned. | ||
| 650 | 0 | _aChristmas plays. | |
| 650 | 0 |
_aGifts _vDrama. |
|
| 650 | 0 |
_aParents _vDrama. |
|
| 655 | 0 | _aFeature films. | |
| 655 | 0 | _aComedy films. | |
| 655 | 0 | _aChristmas films. | |
| 655 | 7 |
_aComedy films. _2gsafd. |
|
| 655 | 7 |
_aComedy _vFeature. _2migfg. |
|
| 700 | 1 |
_aClark, Bob, _d1941-2007. |
|
| 700 | 1 | _aBrown, Leigh. | |
| 700 | 1 | _aDupont, Rene. | |
| 700 | 1 |
_aDillon, Melinda, _d1939- |
|
| 700 | 1 |
_aMcGavin, Darren, _d1922-2006. |
|
| 700 | 1 | _aBillingsley, Peter. | |
| 700 | 1 |
_aShepherd, Jean. _tIn God we trust, all others pay cash. |
|
| 710 | 2 | _aMetro-Goldwyn-Mayer. | |
| 710 | 2 | _aTurner Entertainment Co. | |
| 710 | 2 | _aWarner Home Video (Firm) | |
| 856 | 4 | 1 | _uhttps://irs.www.warnerbros.com/keyart-jpeg/christmas_story_keyart.jpg |
| 001 | data | ||
| 999 |
_c1184 _d1184 |
||